Fast Math - Double That Number! (Typing Based) - Statistics

General Stats
  • This quiz has been taken 4,387 times
  • The average score is 4 of 20
Answer Stats
Number Double % Correct
5 10
100%
7 14
100%
18 36
100%
321 642
100%
95 190
83%
402 804
80%
413 826
80%
102 204
75%
21 42
75%
701 1402
71%
80 160
71%
144 288
71%
210 420
71%
504 1008
67%
52 104
67%
540 1080
67%
55 110
67%
700 1400
67%
9 18
67%
22 44
67%
230 460
67%
350 700
67%
412 824
67%
41 82
64%
71 142
63%
117 234
63%
32 64
63%
730 1460
60%
881 1762
60%
130 260
60%
14 28
60%
312 624
60%
400 800
60%
61 122
58%
680 1360
57%
75 150
57%
800 1600
57%
81 162
57%
11 22
57%
111 222
57%
422 844
57%
46 92
57%
906 1812
56%
222 444
56%
39 78
56%
62 124
55%
330 660
55%
99 198
54%
530 1060
50%
574 1148
50%
6 12
50%
600 1200
50%
630 1260
50%
632 1264
50%
649 1298
50%
682 1364
50%
710 1420
50%
74 148
50%
810 1620
50%
815 1630
50%
902 1804
50%
960 1920
50%
10 20
50%
103 206
50%
116 232
50%
124 248
50%
136 272
50%
153 306
50%
160 320
50%
193 386
50%
208 416
50%
223 446
50%
226 452
50%
244 488
50%
261 522
50%
28 56
50%
336 672
50%
344 688
50%
351 702
50%
48 96
50%
703 1406
46%
53 106
45%
900 1800
45%
156 312
45%
320 640
45%
33 66
45%
340 680
45%
35 70
45%
42 84
45%
49 98
45%
512 1024
44%
614 1228
44%
664 1328
44%
736 1472
44%
910 1820
44%
913 1826
44%
309 618
44%
34 68
44%
443 886
44%
607 1214
43%
770 1540
43%
804 1608
43%
811 1622
43%
822 1644
43%
920 1840
43%
956 1912
43%
414 828
43%
416 832
43%
43 86
43%
440 880
43%
466 932
43%
76 152
42%
141 282
42%
241 482
42%
50 100
40%
501 1002
40%
551 1102
40%
554 1108
40%
56 112
40%
582 1164
40%
650 1300
40%
69 138
40%
812 1624
40%
901 1802
40%
970 1940
40%
101 202
40%
107 214
40%
125 250
40%
140 280
40%
142 284
40%
218 436
40%
24 48
40%
252 504
40%
26 52
40%
331 662
40%
333 666
40%
406 812
40%
411 822
40%
433 866
40%
45 90
40%
510 1020
38%
544 1088
38%
63 126
38%
640 1280
38%
642 1284
38%
661 1322
38%
83 166
38%
840 1680
38%
908 1816
38%
94 188
38%
100 200
38%
133 266
38%
150 300
38%
165 330
38%
200 400
38%
203 406
38%
242 484
38%
260 520
38%
280 560
38%
30 60
38%
311 622
38%
313 626
38%
390 780
38%
44 88
38%
508 1016
36%
523 1046
36%
604 1208
36%
70 140
36%
90 180
36%
911 1822
36%
950 1900
36%
975 1950
36%
106 212
36%
110 220
36%
224 448
36%
371 742
36%
373 746
36%
514 1028
33%
520 1040
33%
522 1044
33%
524 1048
33%
555 1110
33%
572 1144
33%
611 1222
33%
612 1224
33%
654 1308
33%
66 132
33%
68 136
33%
702 1404
33%
707 1414
33%
715 1430
33%
718 1436
33%
722 1444
33%
728 1456
33%
735 1470
33%
779 1558
33%
780 1560
33%
79 158
33%
819 1638
33%
84 168
33%
96 192
33%
971 1942
33%
104 208
33%
109 218
33%
114 228
33%
13 26
33%
137 274
33%
15 30
33%
151 302
33%
16 32
33%
17 34
33%
172 344
33%
173 346
33%
19 38
33%
20 40
33%
209 418
33%
221 442
33%
231 462
33%
232 464
33%
25 50
33%
27 54
33%
278 556
33%
300 600
33%
324 648
33%
329 658
33%
398 796
33%
408 816
33%
47 94
33%
490 980
33%
497 994
33%
620 1240
32%
500 1000
31%
557 1114
31%
559 1118
31%
803 1606
31%
915 1830
31%
127 254
31%
149 298
31%
164 328
31%
23 46
31%
360 720
31%
392 784
31%
511 1022
30%
59 118
30%
601 1202
30%
613 1226
30%
708 1416
30%
721 1442
30%
776 1552
30%
963 1926
30%
986 1972
30%
143 286
30%
216 432
30%
256 512
30%
281 562
30%
334 668
30%
337 674
30%
346 692
30%
401 802
30%
428 856
30%
430 860
30%
432 864
30%
436 872
30%
444 888
30%
463 926
30%
464 928
30%
51 102
29%
513 1026
29%
533 1066
29%
543 1086
29%
553 1106
29%
57 114
29%
584 1168
29%
585 1170
29%
619 1238
29%
625 1250
29%
670 1340
29%
713 1426
29%
731 1462
29%
801 1602
29%
82 164
29%
824 1648
29%
828 1656
29%
86 172
29%
880 1760
29%
89 178
29%
945 1890
29%
985 1970
29%
105 210
29%
112 224
29%
12 24
29%
155 310
29%
202 404
29%
204 408
29%
211 422
29%
240 480
29%
269 538
29%
270 540
29%
271 542
29%
307 614
29%
325 650
29%
37 74
29%
386 772
29%
394 788
29%
415 830
29%
420 840
29%
434 868
29%
473 946
29%
655 1310
27%
865 1730
27%
91 182
27%
138 276
27%
182 364
27%
191 382
27%
206 412
27%
207 414
27%
213 426
27%
29 58
27%
423 846
27%
460 920
27%
470 940
27%
492 984
27%
507 1014
25%
539 1078
25%
54 108
25%
583 1166
25%
603 1206
25%
608 1216
25%
648 1296
25%
65 130
25%
660 1320
25%
667 1334
25%
677 1354
25%
705 1410
25%
706 1412
25%
709 1418
25%
716 1432
25%
723 1446
25%
740 1480
25%
754 1508
25%
778 1556
25%
799 1598
25%
802 1604
25%
806 1612
25%
826 1652
25%
838 1676
25%
903 1806
25%
924 1848
25%
964 1928
25%
978 1956
25%
108 216
25%
113 226
25%
115 230
25%
159 318
25%
170 340
25%
194 388
25%
201 402
25%
234 468
25%
250 500
25%
267 534
25%
302 604
25%
305 610
25%
31 62
25%
316 632
25%
332 664
25%
335 670
25%
341 682
25%
40 80
25%
410 820
25%
450 900
25%
454 908
25%
120 240
24%
515 1030
23%
720 1440
23%
805 1610
23%
831 1662
23%
990 1980
23%
192 384
23%
352 704
23%
38 76
23%
446 892
23%
509 1018
22%
549 1098
22%
621 1242
22%
624 1248
22%
631 1262
22%
633 1266
22%
833 1666
22%
843 1686
22%
889 1778
22%
890 1780
22%
925 1850
22%
932 1864
22%
954 1908
22%
196 392
22%
275 550
22%
276 552
22%
285 570
22%
301 602
22%
304 608
22%
306 612
22%
315 630
22%
366 732
22%
403 806
22%
424 848
22%
429 858
22%
442 884
22%
475 950
22%
823 1646
21%
188 376
21%
516 1032
20%
525 1050
20%
535 1070
20%
536 1072
20%
558 1116
20%
568 1136
20%
580 1160
20%
581 1162
20%
602 1204
20%
605 1210
20%
623 1246
20%
629 1258
20%
673 1346
20%
675 1350
20%
678 1356
20%
690 1380
20%
755 1510
20%
756 1512
20%
77 154
20%
772 1544
20%
784 1568
20%
792 1584
20%
795 1590
20%
821 1642
20%
834 1668
20%
841 1682
20%
918 1836
20%
919 1838
20%
941 1882
20%
958 1916
20%
123 246
20%
162 324
20%
179 358
20%
184 368
20%
233 466
20%
236 472
20%
262 524
20%
265 530
20%
294 588
20%
308 616
20%
319 638
20%
322 644
20%
354 708
20%
361 722
20%
362 724
20%
418 836
20%
431 862
20%
435 870
20%
458 916
20%
461 922
20%
480 960
20%
135 270
19%
345 690
19%
506 1012
18%
542 1084
18%
552 1104
18%
622 1244
18%
645 1290
18%
662 1324
18%
714 1428
18%
750 1500
18%
785 1570
18%
836 1672
18%
851 1702
18%
868 1736
18%
88 176
18%
885 1770
18%
892 1784
18%
132 264
18%
174 348
18%
217 434
18%
317 634
18%
367 734
18%
419 838
18%
421 842
18%
465 930
18%
526 1052
17%
531 1062
17%
541 1082
17%
546 1092
17%
550 1100
17%
58 116
17%
592 1184
17%
597 1194
17%
598 1196
17%
609 1218
17%
610 1220
17%
635 1270
17%
636 1272
17%
644 1288
17%
681 1362
17%
697 1394
17%
733 1466
17%
808 1616
17%
814 1628
17%
820 1640
17%
825 1650
17%
827 1654
17%
848 1696
17%
860 1720
17%
873 1746
17%
904 1808
17%
905 1810
17%
92 184
17%
927 1854
17%
973 1946
17%
974 1948
17%
992 1984
17%
993 1986
17%
126 252
17%
128 256
17%
158 316
17%
180 360
17%
183 366
17%
190 380
17%
205 410
17%
212 424
17%
245 490
17%
246 492
17%
247 494
17%
248 496
17%
251 502
17%
292 584
17%
299 598
17%
314 628
17%
355 710
17%
380 760
17%
388 776
17%
397 794
17%
404 808
17%
409 818
17%
427 854
17%
452 904
17%
467 934
17%
488 976
17%
586 1172
15%
60 120
15%
148 296
15%
303 606
15%
348 696
15%
481 962
15%
485 970
15%
486 972
15%
494 988
15%
519 1038
14%
567 1134
14%
590 1180
14%
639 1278
14%
684 1368
14%
689 1378
14%
695 1390
14%
729 1458
14%
73 146
14%
782 1564
14%
813 1626
14%
818 1636
14%
844 1688
14%
846 1692
14%
850 1700
14%
861 1722
14%
878 1756
14%
926 1852
14%
930 1860
14%
938 1876
14%
967 1934
14%
97 194
14%
121 242
14%
122 244
14%
134 268
14%
146 292
14%
152 304
14%
189 378
14%
199 398
14%
219 438
14%
225 450
14%
238 476
14%
239 478
14%
284 568
14%
289 578
14%
290 580
14%
338 676
14%
445 890
14%
455 910
14%
502 1004
13%
538 1076
13%
564 1128
13%
577 1154
13%
588 1176
13%
616 1232
13%
634 1268
13%
671 1342
13%
704 1408
13%
737 1474
13%
747 1494
13%
751 1502
13%
752 1504
13%
760 1520
13%
787 1574
13%
807 1614
13%
829 1658
13%
849 1698
13%
854 1708
13%
875 1750
13%
888 1776
13%
895 1790
13%
909 1818
13%
933 1866
13%
942 1884
13%
949 1898
13%
977 1954
13%
118 236
13%
129 258
13%
139 278
13%
169 338
13%
220 440
13%
279 558
13%
326 652
13%
343 686
13%
358 716
13%
36 72
13%
372 744
13%
381 762
13%
399 798
13%
407 814
13%
478 956
13%
615 1230
12%
764 1528
12%
565 1130
11%
571 1142
11%
596 1192
11%
638 1276
11%
659 1318
11%
665 1330
11%
692 1384
11%
711 1422
11%
72 144
11%
743 1486
11%
767 1534
11%
773 1546
11%
877 1754
11%
882 1764
11%
907 1814
11%
929 1858
11%
939 1878
11%
961 1922
11%
98 196
11%
171 342
11%
185 370
11%
197 394
11%
235 470
11%
249 498
11%
263 526
11%
282 564
11%
283 566
11%
287 574
11%
368 736
11%
374 748
11%
448 896
11%
517 1034
10%
573 1146
10%
599 1198
10%
627 1254
10%
691 1382
10%
734 1468
10%
761 1522
10%
768 1536
10%
858 1716
10%
870 1740
10%
886 1772
10%
893 1786
10%
898 1796
10%
928 1856
10%
935 1870
10%
966 1932
10%
976 1952
10%
984 1968
10%
987 1974
10%
145 290
10%
147 294
10%
177 354
10%
297 594
10%
328 656
10%
359 718
10%
389 778
10%
391 782
10%
472 944
10%
562 1124
9%
570 1140
9%
641 1282
9%
672 1344
9%
698 1396
9%
763 1526
9%
783 1566
9%
830 1660
9%
852 1704
9%
856 1712
9%
940 1880
9%
948 1896
9%
959 1918
9%
119 238
9%
154 308
9%
163 326
9%
167 334
9%
175 350
9%
198 396
9%
229 458
9%
347 694
9%
369 738
9%
425 850
9%
441 882
9%
457 914
9%
482 964
9%
484 968
9%
566 1132
8%
676 1352
8%
687 1374
8%
688 1376
8%
744 1488
8%
788 1576
8%
835 1670
8%
839 1678
8%
857 1714
8%
862 1724
8%
914 1828
8%
923 1846
8%
951 1902
8%
962 1924
8%
969 1938
8%
227 454
8%
257 514
8%
363 726
8%
496 992
8%
560 1120
7%
578 1156
7%
652 1304
7%
666 1332
7%
724 1448
7%
87 174
7%
883 1766
7%
965 1930
7%
253 506
7%
310 620
7%
356 712
7%
462 924
7%
686 1372
6%
491 982
5%
503 1006
0%
505 1010
0%
518 1036
0%
521 1042
0%
527 1054
0%
528 1056
0%
529 1058
0%
532 1064
0%
534 1068
0%
537 1074
0%
545 1090
0%
547 1094
0%
548 1096
0%
556 1112
0%
561 1122
0%
563 1126
0%
569 1138
0%
575 1150
0%
576 1152
0%
579 1158
0%
587 1174
0%
589 1178
0%
591 1182
0%
593 1186
0%
594 1188
0%
595 1190
0%
606 1212
0%
617 1234
0%
618 1236
0%
626 1252
0%
628 1256
0%
637 1274
0%
64 128
0%
643 1286
0%
646 1292
0%
647 1294
0%
651 1302
0%
653 1306
0%
656 1312
0%
657 1314
0%
658 1316
0%
663 1326
0%
668 1336
0%
669 1338
0%
67 134
0%
674 1348
0%
679 1358
0%
683 1366
0%
685 1370
0%
693 1386
0%
694 1388
0%
696 1392
0%
699 1398
0%
712 1424
0%
717 1434
0%
719 1438
0%
725 1450
0%
726 1452
0%
727 1454
0%
732 1464
0%
738 1476
0%
739 1478
0%
741 1482
0%
742 1484
0%
745 1490
0%
746 1492
0%
748 1496
0%
749 1498
0%
753 1506
0%
757 1514
0%
758 1516
0%
759 1518
0%
762 1524
0%
765 1530
0%
766 1532
0%
769 1538
0%
771 1542
0%
774 1548
0%
775 1550
0%
777 1554
0%
78 156
0%
781 1562
0%
786 1572
0%
789 1578
0%
790 1580
0%
791 1582
0%
793 1586
0%
794 1588
0%
796 1592
0%
797 1594
0%
798 1596
0%
8 16
0%
809 1618
0%
816 1632
0%
817 1634
0%
832 1664
0%
837 1674
0%
842 1684
0%
845 1690
0%
847 1694
0%
85 170
0%
853 1706
0%
855 1710
0%
859 1718
0%
863 1726
0%
864 1728
0%
866 1732
0%
867 1734
0%
869 1738
0%
871 1742
0%
872 1744
0%
874 1748
0%
876 1752
0%
879 1758
0%
884 1768
0%
887 1774
0%
891 1782
0%
894 1788
0%
896 1792
0%
897 1794
0%
899 1798
0%
912 1824
0%
916 1832
0%
917 1834
0%
921 1842
0%
922 1844
0%
93 186
0%
931 1862
0%
934 1868
0%
936 1872
0%
937 1874
0%
943 1886
0%
944 1888
0%
946 1892
0%
947 1894
0%
952 1904
0%
953 1906
0%
955 1910
0%
957 1914
0%
968 1936
0%
972 1944
0%
979 1958
0%
980 1960
0%
981 1962
0%
982 1964
0%
983 1966
0%
988 1976
0%
989 1978
0%
991 1982
0%
994 1988
0%
131 262
0%
157 314
0%
161 322
0%
166 332
0%
168 336
0%
176 352
0%
178 356
0%
181 362
0%
186 372
0%
187 374
0%
195 390
0%
214 428
0%
215 430
0%
228 456
0%
237 474
0%
243 486
0%
254 508
0%
255 510
0%
258 516
0%
259 518
0%
264 528
0%
266 532
0%
268 536
0%
272 544
0%
273 546
0%
274 548
0%
277 554
0%
286 572
0%
288 576
0%
291 582
0%
293 586
0%
295 590
0%
296 592
0%
298 596
0%
318 636
0%
323 646
0%
327 654
0%
339 678
0%
342 684
0%
349 698
0%
353 706
0%
357 714
0%
364 728
0%
365 730
0%
370 740
0%
375 750
0%
376 752
0%
377 754
0%
378 756
0%
379 758
0%
382 764
0%
383 766
0%
384 768
0%
385 770
0%
387 774
0%
393 786
0%
395 790
0%
396 792
0%
405 810
0%
417 834
0%
426 852
0%
437 874
0%
438 876
0%
439 878
0%
447 894
0%
449 898
0%
451 902
0%
453 906
0%
456 912
0%
459 918
0%
468 936
0%
469 938
0%
471 942
0%
474 948
0%
476 952
0%
477 954
0%
479 958
0%
483 966
0%
487 974
0%
489 978
0%
493 986
0%
495 990
0%
498 996
0%
499 998
0%
No matching quizzes found
Score Distribution
Percent of People with Each Score
Percentile by Number Answered
Your Score History
You have not taken this quiz